Posudzovanie vplyvu stavieb ČOV a kanalizačných sietí na životné prostredie : Diplomová práca

Salvato in:
Dettagli Bibliografici
Autore principale: Čaniga, Peter (Autore)
Altri autori: Drevenák, Jozef (xxx)
Natura: Manoscritto Libro
Lingua:slovacco
Pubblicazione: Trnava : STU v Bratislave MtF KEBI, 2002
Soggetti:
Tags: Aggiungi Tag
Nessun Tag, puoi essere il primo ad aggiungerne!!

MARC

LEADER 00000ntm a22000003a 4500
001 stu76873
005 20160719155031.0
008 020729s2002----xo------------------slo-d
040 |a STU  |b slo 
041 0 |a slo 
044 |a xo 
100 1 |a Čaniga, Peter  |4 aut 
245 1 |a Posudzovanie vplyvu stavieb ČOV a kanalizačných sietí na životné prostredie :  |b Diplomová práca 
260 |a Trnava :  |b STU v Bratislave MtF KEBI,  |c 2002 
300 |a 63 s  |c abstr. 
650 7 |a čistiarne odpadových vôd  |2 stusub 
650 7 |a kanalizačné siete  |2 stusub 
650 7 |a životné prostredie  |2 stusub 
700 1 |a Drevenák, Jozef  |4 xxx